000 00779nam a2200229Ia 4500
005 20250108124849.0
008 008 250107s9999 xx 000 0 hin d
020 _a978-81-954228-1-4
037 _aTB
040 _aCRL
_bhin
_cCRL
041 _ahin
_2hin
084 _aO32,3N36,VV 111P0
084 _qCRL
100 _aनामवर सिंह, ले.
245 0 _aछायावाद
_cनामवर सिंह, ले.
260 _aनई दिल्ली, भारत
_bराजकमल प्रकाशन
_c2485
300 _a154पृ0
365 _aINR
_b200
650 _aहिन्दी कविताहिन्दी साहित्य
_9729733
942 _cTB
_hO32,3N36,VV 111P0
999 _c1234873
_d1234873